000 00666nam a2200193Ii 4500
003 JO-AjNU
008 230605s9999||||xx |||||||||||||| ||und||
040 _aJO-AjNU
_bara
_erda
_cJO-AjNU
041 _aara
050 1 4 _aPJ6161.Q82 1982
100 3 _aالكاتب البغدادي، ابي الفرج قدامة بن جعفر,
_eauthor
_938000
245 0 0 _aكتاب نقد النثر
264 3 1 _aبيروت: دار الكتب العلمية، 1982
300 _a153ص
336 _atext
_btxt
_2rdacontent
337 _aunmediated
_bn
_2rdamedia
338 _avolume
_bnc
_2rdacarrier
650 4 _aاللغة العربية-النثر-نقد النثر
_938001
999 _aA15928
_c19496
_d19496